| 000 | 00528nam a2200181Ia 4500 | ||
|---|---|---|---|
| 008 | 220531s9999 xx 000 0 und d | ||
| 041 | _amar | ||
| 082 | _bJOS | ||
| 100 |
_aजोशी प्र.आणि इतर _931439 |
||
| 245 | _aव्यावसायिक उद्योगजकता पेपर १ | ||
| 250 | _a1ST | ||
| 260 |
_bSuvichar _c1991 |
||
| 300 | _a63 | ||
| 542 | _d01-01-2010 | ||
| 650 |
_aBusiness enterprenuership _931440 |
||
| 906 |
_d2009-2010 _d2014-2015 _f2381 |
||
| 999 |
_c19690 _d19690 |
||